Miyetti quarterly law review (Record no. 38490)

MARC details
000 -LEADER
fixed length control field 00479nam a2200169Ia 4500
022 ## - INTERNATIONAL STANDARD SERIAL NUMBER
ISSN 25367803
050 ## - CALL MARK
Classification number K 60 .M5/
245 #0 - TITLE STATEMENT
Title Miyetti quarterly law review
260 ## - PUBLICATION, DISTRIBUTION, ETC. (IMPRINT)
Place of publication Maitama, Abuja
260 ## - PUBLICATION, DISTRIBUTION, ETC. (IMPRINT)
Name of publisher Miyetti reseach and pulications Ltd.
260 ## - PUBLICATION, DISTRIBUTION, ETC. (IMPRINT)
Year of publication 2016
300 ## - PHYSICAL DESCRIPTION
Number of Pages ix, 146 p. 23 cm.
650 ## - SUBJECT ADDED ENTRY--TOPICAL TERM
Topical Term Appraising the jurisdiction of the customary court of appeal in Nigeria
942 ## - ADDED ENTRY ELEMENTS (KOHA)
Koha item type Serials

No items available.